000
00321nam a2200133Ia 4500
005
20251222143215.0
008
251222s9999||||xx |||||||||||||| ||spa||
020
_a
84-294-5447-0
082
_a
425.01/L93
100
_a
Lowea, Ricky
245
0
_a
Helping Students To Learn
264
_b
Richmond Publishing
942
_c
LIB
999
_c
13612
_d
13612